| 000 | 00582nam a22001697a 4500 | ||
|---|---|---|---|
| 999 |
_c18435 _d18435 |
||
| 003 | AR-CdUCM | ||
| 008 | 190514b ||||| |||| 00| 0 spa d | ||
| 040 |
_aMUNICIPALIDAD PROVINCIAL DEL CUSCO _cBIBLIOTECA MUNICIPAL DEL CUSCO |
||
| 082 |
_a803 / _bH59 |
||
| 100 |
_aHitchcock, Alfred _939026 |
||
| 245 | _aProhibido a los nerviosos / | ||
| 260 |
_aEspaña : _bBruguera, _c1967. |
||
| 300 |
_a344 páginas ; _c22 cm. |
||
| 505 | _aHacia el futuro ... Rio de riqueza -- Levitación -- Panorama desde la terreza -- El hombre con dedos cobre... | ||
| 942 |
_2ddc _cLIBROS |
||
| 945 | _awfj | ||